Sports Quiz

Random Sports or NBA Quiz

NBA 50 Greatest Quiz Stats

 Plays Quiz Updated Dec 9, 2014

Score 0/50 Timer 08:00
25 Plays Today
Player % Correct
Michael Jordan
97.8%
Magic Johnson
89.4%
Larry Bird
89.1%
Wilt Chamberlain
79.4%
Karl Malone
78.4%
Scottie Pippen
78%
Kareem Abdul-Jabbar
76.7%
Moses Malone
76.5%
Shaquille O'Neal
76.4%
Bill Russell
72.6%
John Stockton
72.3%
Jerry West
68.1%
Charles Barkley
66.7%
David Robinson
66.6%
Patrick Ewing
65.5%
Julius Erving
63.9%
Hakeem Olajuwon
62.2%
Isiah Thomas
61.9%
Oscar Robertson
57.5%
Clyde Drexler
55.1%
Bob Cousy
54.9%
Kevin McHale
54.7%
James Worthy
51.1%
Bill Walton
48%
Pete Maravich
46.6%
Player % Correct
Robert Parish
45.9%
John Havlicek
45.2%
Elgin Baylor
44.5%
George Gervin
42.9%
George Mikan
40.3%
Sam Jones
39.1%
Walt Frazier
37.1%
Willis Reed
36.1%
Bob Pettit
34.2%
Rick Barry
33.1%
Nate Archibald
31.3%
Wes Unseld
31%
Elvin Hayes
29.7%
Lenny Wilkens
28.1%
Earl Monroe
26.4%
Dave Cowens
24.3%
Dave Bing
21.2%
Dolph Schayes
20.2%
Jerry Lucas
19.5%
Paul Arizin
19.1%
Dave DeBusschere
17.7%
Hal Greer
17.7%
Nate Thurmond
17.2%
Billy Cunningham
16.4%
Bill Sharman
14.4%

You're not logged in!

Compare scores with friends on all Sporcle quizzes.
OR
Log In

Sporcle TV

Today on Sporcle TV


Watch our educational content, quiz creation guides, and fun videos on Sporcle TV.

Show Comments

Extras

Top Quizzes Today


Score Distribution

Your Account Isn't Verified!

In order to create a playlist on Sporcle, you need to verify the email address you used during registration. Go to your Sporcle Settings to finish the process.

Report this User

Report this user for behavior that violates our Community Guidelines.

Details: